Statistiken für Verpixelte Karte von Asien

Klicken Sie hier um das Quiz zu spielen!

Allgemein

  • Dieses Quiz wurde 13.013 mal gespielt
  • Das Durchschnittsergebnis liegt bei 262 aus 283

Antworten auf der Karte

Die Antworten werden auf der Karte rot bzw. grün angezeigt, abhängig davon wie oft sie richtig erraten wurden.
 

Antwortstatistiken

Land% Korrekt
China
99%
Indien
98%
Japan
97%
Mongolei
95%
Südkorea
93%
Iran
92%
Kasachstan
92%
Nordkorea
92%
Saudi-Arabien
92%
Indonesien
91%
Irak
90%
Thailand
90%
Pakistan
87%
Türkei
87%
Vietnam
86%
Jemen
85%
Afghanistan
84%
Oman
84%
Nepal
82%
Sri Lanka
81%
Usbekistan
81%
Syrien
80%
Philippinen
79%
Laos
78%
Turkmenistan
78%
Malaysia
77%
Vereinigte Arabische Emirate
77%
Myanmar
76%
Kirgisistan
74%
Tadschikistan
73%
Georgien
71%
Kambodscha
70%
Aserbaidschan
69%
Jordanien
68%

Verteilung der Resultate

Perzentil nach korrekt beantworteten Fragen

Anzahl Personen mit jedem Resultat

Ihre Resultats-Entwicklung

Sie haben dieses Quiz noch nicht gespielt